000 00467nam a2200181Ia 4500
008 240510s9999 xx 000 0 und d
020 _a9789551558055
041 _asih
082 _a891.483
082 _bS72
100 _aSTELMAKH ,Mikhailo : Trans:CHANDRARATHNA ,M.S.
245 0 _aNohelawu Eka Ruhiru Bindak (Let the Blood of Man Not Flow)
260 _bColombo:Subhavi Publishers
260 _c2008
300 _a370 p.
942 _2ddc
942 _cLBK
999 _c28805
_d28805
945 _a1
_bMadushi Gamage
_c1
_dMadushi Gamage